000 00587cam a2200133 4500500
005 20260111145840.0
041 _afre
042 _adc
245 0 0 _aX – Spéculations sur l’imaginaire et l’interdit, Textes réunis par Marc-Olivier Gonseth, Jacques Hainard et Roland Kaehr, Neuchâtel, Édition du Musée d’Ethnographie, 2003, 265 pages
260 _c2005.
500 _a6
786 0 _nEthnologie française | 35 | 2 | 2005-06-01 | p. 355h-371h | 0046-2616
856 4 1 _uhttps://shs.cairn.info/revue-ethnologie-francaise-2005-2-page-355h?lang=fr&redirect-ssocas=7080
999 _c1636536
_d1636536